| 000 | 00738nam a22002177a 4500 | ||
|---|---|---|---|
| 003 | OSt | ||
| 005 | 20251202154623.0 | ||
| 008 | 251202b |||||||| |||| 00| 0 eng d | ||
| 020 | _a0-521-81207-0 | ||
| 040 |
_aDWC-Main lib _cOC |
||
| 082 | _aCirc. 523.24 M473 2003 | ||
| 100 | _aMayor, M. | ||
| 245 |
_aNew worlds in the cosmos : _bthe discovery of exoplanets _cMayor, Michel |
||
| 260 |
_aUK : _bCambridge University Press, _cc2003 |
||
| 300 |
_axii, 248 pages ; _c23 cm. |
||
| 504 | _aIncludes bibliographical references and index | ||
| 650 | _2Extrasolar planets | ||
| 700 | _aYves, Frei P. | ||
| 700 |
_aRoukema, Boud _etranslator |
||
| 942 |
_2ddc _cBK-CIRC _hCirc. 523.24 M473 2003 _kCirc. _n0 |
||
| 999 |
_c6721 _d6721 |
||